000 00500nam a2200181Ia 4500
001 15889
005 20260306170229.0
008 260306t2002||||xx |||||||||||||| ||und||
041 _aESP
082 _a620.112
_bT56 P. 2
100 _aTimoshenko, Stephen
_eAUT
245 0 _aStrength of materials, advanced theory and problems, part. 2:
_badvanced theory and problems
260 _c2002
300 _axvi, 572 páginas :
_c22 cm.
650 _aGEN
654 _aCII
942 _cLIB
_dJUS
_fJUS
_2ddc
_n
999 _c15889
_d15889